All Minecraft Achievements - Statistics

General Stats
  • This quiz has been taken 46 times
  • The average score is 14 of 122
Answer Stats
Description Achievement Name % Correct
Open your inventory. Taking Inventory
58%
Enter an End Portal The End?
58%
Kill the Enderdragon The End
58%
Acquire diamonds with your iron tools. DIAMONDS!
54%
Punch a tree until a block of wood pops out. Getting Wood
50%
Construct a better pickaxe. Getting an Upgrade
46%
Attack and kill a monster. Monster Hunter
46%
Destroy a Ghast with a fireball. Return to Sender
42%
Kill a Skeleton with an arrow from more than 50 meters. Sniper Duel
35%
Harvest some leather. Cow Tipper
31%
Spawn the Wither The Beginning?
31%
Kill the Wither The Beginning.
31%
Bake a cake using: wheat, sugar, milk, and eggs. The Lie
31%
Discover 17 biomes. Adventuring Time
27%
Construct an Enchantment Table. Enchanter
27%
Relieve a Blaze of its rod. Into Fire
27%
Deal nine hearts of damage in a single hit. Overkill
27%
Throw diamonds at another player. Diamonds to you!
23%
Sneaking next to a Sculk Sensor without triggering it. Sneak 100
23%
Create and fully power a Beacon The Beaconator
23%
Use a saddle to ride a pig, and then have the pig get hurt from fall damage while riding it. When Pigs Fly
23%
Smelt iron ore in the furnace. Acquire Hardware
19%
Wear a full set of Netherite armor Cover me in debris
19%
Construct a furnace out of eight cobblestone blocks. Hot Topic
19%
Brew a potion. Local Brewery
19%
Eat an Enchanted Apple Overpowered
19%
Trade with a villager at the build height limit. Star trader
19%
Respawn the Enderdragon The End... Again...
19%
Make a Hoe. Time to Farm!
19%
Use planks and sticks to make a pickaxe. Time to Mine!
19%
Apply and remove Wax from all the Copper blocks!!! Wax on, Wax off
19%
Have an Allay drop a cake at a noteblock. Birthday song
15%
Hit the bullseye of a Target block Bullseye
15%
Freefall from the top of the world (build limit) to the bottom of the world and survive. Caves & Cliffs
15%
Cure a zombie villager. Zombie Doctor
15%
Kill a mob while wearing the same type of mob head. Camouflage
12%
Levitate up 50 blocks from the attacks of a Shulker Great View From Up Here
12%
Visit all Nether biomes Hot tourist destination
12%
Stop starvation using Rotten Flesh. Iron Belly
12%
Kill a mob next to a catalyst. It spreads
12%
Make the Meadows come alive with the sound of music from a jukebox. Sound of Music
12%
Slide down a honey block to slow your fall. Sticky Situation
12%
Poison a witch with a splash potion. Taste of Your Own Medicine
12%
Use planks and sticks to make a sword. Time to Strike!
12%
Get in a boat and float with a goat Whatever Floats Your Goat
12%
Collect dragons breath in a glass bottle You Need a Mint
12%
Turn wheat into bread. Bake Bread
8%
Eat nothing but dried kelp for three in-game days Castaway
8%
Use the Totem of Undying to cheat death Cheating Death
8%
Catch and cook a fish! Delicious Fish
8%
Take a Strider for a loooong ride on a lava lake in the Overworld. Feels Like Home
8%
Make a banner using an Enchanted Apple Stencil Fruit on the Loom
8%
Craft and place an Oak Sign. It's a Sign!
8%
Using the Frost Walker boots, walk on at least 1 block on frozen water on a deep ocean Let It Go!
8%
Build some bookshelves to improve your enchantment table. Librarian
8%
Place 9 fully explored, adjacent map items into 9 item frames in a 3 by 3 square. Map Room
8%
Trade for 1,000 emeralds. Master Trader
8%
Construct one type of each tool. MOAR Tools
8%
Travel by minecart to a point at least 500m in a single direction from where you started. On A Rail
8%
Place four Sea Pickles in a group One Pickle, Two Pickle, Sea Pickle, Four
8%
Play for 100 days. Passing the Time
8%
Smelt wood trunks using charcoal to make more charcoal. Renewable Energy
8%
Breed two cows with wheat. Repopulation
8%
Have all 3 froglights in your inventory. With our powers combined!
8%
Teleport over 100 meters from a single throw of an Ender Pearl Beam Me Up
4%
Create an Iron Golem Body Guard
4%
Construct a Dispenser. Dispense with This
4%
Use Riptide to give yourself a boost Do a Barrel Roll!
4%
Dry a sponge in a furnace Dry Spell
4%
Feed a dolphin fish to have it lead you to treasure Echolocation
4%
Defeat an Evoker Feeling Ill
4%
Push a piston with a piston, then pull the original piston with that piston. Inception
4%
Wear a full suit of Iron Armor. Iron Man
4%
Defeat a Ravager. Kill the Beast!
4%
Name a Shulker Box with an Anvil Organizational Wizard
4%
Gather all 16 colors of wool. Rainbow Collection
4%
Tame a horse. Saddle Up
4%
Spend a day underwater. Sleep with the Fishes
4%
Connect 3 Chests to a single Furnace using 3 Hoppers. Smelt Everything!
4%
Swim in lava while having the Fire Resistance effect. Stayin' Frosty
4%
Use Elytra to fly through a 1 by 1 gap while moving faster than 40 m/s Super Sonic
4%
Team up with an Axolotl and win a fight The Healing Power of Friendship!
4%
Move and place a Bee Nest, with 3 bees inside, using Silk Touch. Total Beelocation
4%
Acquire a map from a cartographer villager, then enter the revealed structure Treasure Hunter
4%
Breed two pandas with bamboo. Zoologist
4%
Find a shipwreck Ahoy!
0%
Power a furnace with a kelp block Alternative Fuel
0%
Kill a creeper with arrows. Archer
0%
Breed a mule from a horse and a donkey Artificial Selection
0%
Find an underwater ruin Atlantis?
0%
Use a Campfire to collect Honey from a Beehive using a Bottle without aggravating the bees. Bee our guest
0%
Craft a Crafting Table with four blocks of wooden planks. Benchmaking
0%
Trade for the best possible price. Buy Low, Sell High
0%
Mine 1,728 Cobblestone and place it in a chest. Chestful of Cobblestone
0%
Use a Grindstone to get experience from an enchanted item. Disenchanted
0%
Stay underwater for 2 minutes Free Diver
0%
Use a Hopper to move an item from a Chest Minecart to a Chest. Freight Station
0%
Use Shears to obtain wool from a sheep. Have a Shearful Day
0%
Collect a fish in a bucket I am a Marine Biologist
0%
Construct a Nether Portal. Into The Nether
0%
Kill a Pillager Captain. I've got a bad feeling about this
0%
Befriend five Wolves. Leader of the Pack
0%
Gain the trust of an Ocelot. Lion Hunter
0%
Dig up a buried treasure Me Gold!
0%
Activate a Conduit Moskstraumen
0%
Distract a Piglin using gold Oooh, shiny!
0%
Befriend twenty stray cats. Plethora of Cats
0%
Cook and eat a pork chop. Pork Chop
0%
Craft and place a Flower Pot. Pot Planter
0%
Cook and Eat Rabbit Meat Rabbit Season
0%
Visit all ocean biomes Sail the 7 Seas
0%
Lead a Caravan containing at least 5 Llamas So I Got That Going for Me
0%
Ring the bell with a hostile enemy in the village. Sound the Alarm!
0%
Power a Furnace with Lava Super Fuel
0%
Defeat an Elder Guardian The Deep End
0%
Acquire or spend 30 Emeralds by trading with villagers or with wandering trader. The Haggler
0%
Use a cauldron to dye all 4 unique pieces of leather armor. Tie Dye Outfit
0%
Give someone a suspicious stew. Time for Stew
0%
Place scaffolding to the world limit. Top of the World
0%
Bounce 30 blocks upward off a slime block. Trampoline
0%
Trigger a Pillager Raid. We're being attacked!
0%
Receive a gift from a tamed cat in the morning. Where Have You Been?
0%
No matching quizzes found
Score Distribution
Percent of People with Each Score
Percentile by Number Answered
Your Score History
You have not taken this quiz